Commentary on the epistle to the Romans. (Record no. 5687)

000 -LEADER
fixed length control field 00595nam a2200181 a 4500
001 - CONTROL NUMBER
control field :::00003429$&:&@@
003 - CONTROL NUMBER IDENTIFIER
control field OkBaRHE
005 - DATE AND TIME OF LATEST TRANSACTION
control field 20000607103305.0
008 - FIXED-LENGTH DATA ELEMENTS--GENERAL INFORMATION
fixed length control field s1964 j 000 0 eng u
040 ## - CATALOGING SOURCE
Transcribing agency
100 1# - MAIN ENTRY--PERSONAL NAME
Personal name Hodge, Charles, 1797-1878.
245 10 - TITLE STATEMENT
Title Commentary on the epistle to the Romans.
260 ## - PUBLICATION, DISTRIBUTION, ETC. (IMPRINT)
Place of publication, distribution, etc Grand Rapids, MI., :
Name of publisher, distributor, etc Wm. B. Eerdmans Publishing Co.
Date of publication, distribution, etc 1964
300 ## - PHYSICAL DESCRIPTION
Extent 457 p. ;
Dimensions 22 cm.
650 ## - SUBJECT ADDED ENTRY--TOPICAL TERM
Topical term or geographic name as entry element Bible New Testament Romans
General subdivision Commentaries
942 ## - ADDED ENTRY ELEMENTS (KOHA)
Source of classification or shelving scheme
Koha item type Books
Copies
Damaged status Koha item type Shelving location Full call number Withdrawn status Date acquired Price effective from Not for loan Barcode Source of classification or shelving scheme Date last seen Lost status Permanent Location Copy number
 BooksGeneral StacksBS 2665 .H65 2010-04-142010-04-14 3429 2018-03-28 RHEMA Bible Training College1